LEADER 01048nam a2200265 u 4500 001 000000070851 003 CaOOAMICUS 005 20070226122051.0 008 020516s1973 it a u000 u ita u 035 $a10930046 040 $aPUL(R)$bita 100 1 $aDe Lutiis, Giuseppe.$0(OLS)http://pul/name/47096 245 12$aL'industria del santino /$cGiuseppe De Lutiis ; presentazione di Nazareno Fabbretti. 260 $aRimini :$bGuaraldi,$cc1973. 300 $a211 p. :$bill. ;$c21 cm 490 1 $aFC ;$v8 650 4$aImmagini sacre.$0(OLS)http://pul/subject/25290 650 4$aReligiosità popolare.$0(OLS)http://pul/subject/12410 830 0$aFC ;$v8.$0(OLS)http://pul/title/93326 850 $aPUL 852 $aPUL$W1$xDP1 Cons. Gen., Altre Classi 1$y22$m780 C 33$j91664$nBK-PRI$b $qStampati$B91664$CPULBib$Z2$F91664 $H $81 941 1 $a8 961 $aINV: 62949 996 $6245$aL'industria del santino$9(OLS)http://pul/title/93325 996 $6260$aRimini :$bGuaraldi$9(OLS)http://pul/publisher/52921 LEADER 01116nam a2200277 a 4500 001 000000170134 003 CaOOAMICUS 005 20181024121655.0 008 181024s2017 it 000 u ita r 020 $a978-88-498-5068-0* 032 $aLibriCat 040 $aPul$bita 100 1 $aAntiseri, Dario,$d1940-$0(OLS)http://pul/name/1978 245 12$aL'invenzione cristiana della laicità /$cDario Antiseri. 260 $aSoveria Mannelli :$bRubbettino,$c©2017. 300 $a120 p. ; $c23 cm. 490 1 $aLe nottole di Minerva ;$v14 650 4$aLaicità.$0(OLS)http://pul/subject/38693 830 3$aLe nottole di Minerva (Rubbettino) ;$v14.$0(OLS)http://pul/title/210842 850 $aPUL 852 $aPUL$W1$xSL Religione 3$y85$m261 ANTDA 1$j193074$qDDC 21$B198378$CPULBib$Z2$F198378 $H131457 $81 941 1 $a9 996 $6020$a978-88-498-5068-0*$9(OLS)http://pul/number/165046 996 $6245$aL'invenzione cristiana della laicità$9(OLS)http://pul/title/210841 996 $6260$aSoveria Mannelli :$bRubbettino$9(OLS)http://pul/publisher/51639